| 000 | 00591nam a22002057a 4500 | ||
|---|---|---|---|
| 999 |
_c6509 _d6509 |
||
| 003 | OSt | ||
| 005 | 20200129111800.0 | ||
| 008 | 200129b ||||| |||| 00| 0 eng d | ||
| 020 | _a9780470187814 | ||
| 040 | _cDDC | ||
| 082 | _a658.4 KLU 2008 | ||
| 100 |
_aKlugman, Stuart A.; Panjer, Harry H.; Willmot, Gordon E. _913373 |
||
| 245 | _aLoss Models: from data to decision | ||
| 250 | _a3rd ed. | ||
| 260 |
_aNew Jersey; _bJohn Wiley & sons, |
||
| 300 |
_axix,726p; _bCol.ill: _c26cm |
||
| 504 | _aAppendices, references, & index | ||
| 650 |
_aDecision making _92026 |
||
| 942 |
_2z _cO_SHELF |
||